| 000 | 00000nam 2200000za 4500 |
| 001 | 9.844502 |
| 003 | CaOODSP |
| 005 | 20250715100934 |
| 007 | cr ||||||||||| |
| 008 | 180226s1997 onc o f000 0 eng |
| 020 | |a978-0-660-18361-9 |
| 040 | |aCaOODSP|beng |
| 043 | |an-cn--- |
| 086 | 1 |aBT43-166/1997E-PDF |
| 110 | 1 |aCanada. |bTreasury Board. |
| 245 | 10|aSelf-funded leave policy |h[electronic resource]. |
| 260 | |aOttawa : |bTreasury Board of Canada, Secretariat, |cc1997. |
| 300 | |a[7] p. (un-numbered pages) |
| 500 | |aIssued also in French under title: Politique sur le congé auto-financé. |
| 500 | |a"Published: Feb 07, 1997." |
| 500 | |aAlso available in HTML format. |
| 504 | |aIncludes bibliographic references. |
| 520 | 0 |a"Details criteria for self-funded leave in the federal public service, including a generic model to be used, as well as procedures, guidelines and a list of approved financial institutions"--Provided by publisher. |
| 692 | 07|2gccst|aGovernment policy |
| 692 | 07|2gccst|aLeave of absence |
| 775 | 08|tPolitique sur le congé auto-financé |w(CaOODSP)9.844503 |
| 794 | |tSelf-funded leave policy (update).|w(CaOODSP)9.953209 |
| 856 | 40|qPDF|s145 KB|uhttps://publications.gc.ca/collections/collection_2018/sct-tbs/BT43-166-1997-eng.pdf |
| 856 | 4 |qHTML|sN/A|uhttps://www.tbs-sct.gc.ca/pol/doc-eng.aspx?id=12588 |